SYNOPSIS OFHUMAN PHYSIOLOGY (Record no. 8330)

MARC details
000 -LEADER
fixed length control field 00336nam a22001577a 4500
003 - CONTROL NUMBER IDENTIFIER
control field SGT
082 ## - DEWEY DECIMAL CLASSIFICATION NUMBER
Classification number 612
Item number S07T
100 ## - MAIN ENTRY--PERSONAL NAME
Personal name TONDON,OP
245 ## - TITLE STATEMENT
Title SYNOPSIS OFHUMAN PHYSIOLOGY
250 ## - EDITION STATEMENT
Edition statement 2ND
260 ## - PUBLICATION, DISTRIBUTION, ETC. (IMPRINT)
Place of publication, distribution, etc DELHI
Name of publisher, distributor, etc JAPEE BROTHERS
Year of Publication 2007
300 ## - PAGE DESCRIPTION
No. of Pages 166
650 ## - SUBJECT ADDED ENTRY--TOPICAL TERM
Topical term or geographic name as entry element HUMAN PHYSIOLOGY
653 ## - KEYWORDS--INDEX TERM
Keyword term PHYSIOLOGY
942 ## - ADDED ENTRY ELEMENTS (KOHA)
Source of classification or shelving scheme Dewey Decimal Classification
Koha item type Books
942 ## - ADDED ENTRY ELEMENTS (KOHA)
-- 3
Holdings
Withdrawn status Lost status Source of classification or shelving scheme Damaged status Not for loan Collection code Home library Current library Shelving location Date acquired Vendor Name Cost, normal purchase price Volume Information (Serial or Books or Non-Book Material) SGTU Bill Number Total Checkouts Full call number Accession No. (Barcode) Date last seen Bill Date Koha item type Date last borrowed Use restrictions
    Dewey Decimal Classification     AYURVEDA SGT FA-FP Library SGT FA-FP Library Text Book 05/03/2016 AHUJA 225.00 1 SGTU 6404   612 S07T FA3271 05/03/2016 16/12/2015 Books    
    Dewey Decimal Classification     AYURVEDA SGT FA-FP Library SGT FA-FP Library Text Book 05/03/2016 AHUJA 225.00 1 SGTU 6404 2 612 S07T FA3272 07/04/2023 16/12/2015 Books 06/04/2023  
    Dewey Decimal Classification     AYURVEDA SGT FA-FP Library SGT FA-FP Library Reference Book 05/03/2016 AHUJA 225.00 1 SGTU 6404   612 S07T FA3273 05/03/2016 16/12/2015 Books   Restricted Access
    Dewey Decimal Classification     AYURVEDA SGT FA-FP Library SGT FA-FP Library Text Book 05/03/2016 AHUJA 225.00 1 SGTU 6404 2 612 S07T FA3274 18/06/2024 16/12/2015 Books 18/06/2024  
    Dewey Decimal Classification     AYURVEDA SGT FA-FP Library SGT FA-FP Library Text Book 05/03/2016 AHUJA 225.00 1 SGTU 6404   612 S07T FA3275 05/03/2016 16/12/2015 Books